| 000 | 00526nam a2200193 4500 | ||
|---|---|---|---|
| 003 | OSt | ||
| 005 | 20231002115354.0 | ||
| 008 | 160301b xxu||||| |||| 00| 0 eng d | ||
| 020 | _a0922914311 | ||
| 040 | _c040a | ||
| 082 | _a301 BAR 1998 | ||
| 100 |
_aBarkan, Steven E _96941 |
||
| 245 |
_aDiscovering Sociology : _ban introduction using explorlt |
||
| 260 |
_aBellevue; _bMicroCase copration, _c1998 |
||
| 300 |
_axvii, 246p; _bill : _c24 cm |
||
| 504 | _aincludes index | ||
| 650 |
_aSociology _92259 |
||
| 942 |
_2ddc _cSLOAN |
||
| 999 |
_c3125 _d3125 |
||